Humour in Video Games - Statistics

General Stats
  • This quiz has been taken 36 times
  • The average score is 5 of 16
Answer Stats
Picture Answer % Correct
Undertale
91%
The Stanley Parable
66%
Tales from the Borderlands
59%
High on Life
50%
Castle Crashers
44%
Deponia
25%
Jazzpunk
22%
Manual Samuel
22%
Edna & Harvey: The Breakout
19%
Theme Hospital
19%
Neighbours from Hell
13%
Trover Saves the Universe
6%
Unepic
6%
Unmetal
6%
Breathedge
3%
Cthulhu Saves the World
3%
No matching quizzes found
Score Distribution
Percent of People with Each Score
Percentile by Number Answered
Your Score History
You have not taken this quiz